Pokémon - Les attaques de Pâtachiot - Statistiques

Statistiques générales
  • Ce quiz a été pris 21 fois
  • Le résultat moyen est 12 sur 15
Statistiques - réponses
Niveaux Types Noms des attaques % Correct
Départ Normal Charge
100%
Niveau 3 Spectre Léchouille
100%
Départ Normal Rugissement
100%
Niveau 18 Fée Câlinerie
89%
Niveau 40 Ténèbres Mâchouille
89%
Niveau 11 Ténèbres Morsure
89%
Niveau 36 Fée Charme
78%
Niveau 30 Normal Hurlement
78%
Niveau 6 Normal Mimi-Queue
78%
Niveau 15 Fée Regard Touchant
78%
Niveau 33 Normal Damoclès
67%
Niveau 45 Normal Dernier Recours
67%
Niveau 8 Normal Implore
56%
Niveau 26 Normal Relais
56%
Niveau 22 Normal Rengorgement
44%
Aucun quiz correspondant
Distribution des résultats
% des personnes avec chaque résultat
Percentile par nombre de réponses
Votre historique - résultats
Vous n’avez pas pris ce quiz